The Weimar Republic
Saved in:
| Main Author: | |
|---|---|
| Other Authors: | |
| Format: | Book |
| Language: | English |
| Published: |
Oxford :
Blackwell,
1993
|
| Subjects: | |
| Tags: |
Add Tag
No Tags, Be the first to tag this record!
|
MARC
| LEADER | 00000nam a2200000 i 4500 | ||
|---|---|---|---|
| 001 | 1/96888 | ||
| 008 | 950123s1993 eng d | ||
| 020 | |a 0-631-18698-0 | ||
| 035 | |l 10010352 | ||
| 040 | |a GR-MY-UA |b gre |e aacr | ||
| 041 | 0 | |a eng | |
| 082 | 0 | |a 943.085 | |
| 100 | 1 | |a Heiber, Helmut |d 1924- | |
| 245 | 1 | 4 | |a The Weimar Republic / |c Helmut Heiber ; Translated by W. E. Yuill |
| 260 | |a Oxford : |b Blackwell, |c 1993 | ||
| 300 | |a 228 p. | ||
| 504 | |a Includes bibliographical references and intex. | ||
| 651 | 0 | |a Germany |x History |y 1918-1933. | |
| 651 | 0 | |a Germany |x Politics and government |y 1918-1933. | |
| 651 | 0 | |a Germany |x Economic policy |y 1918-1933. | |
| 700 | 1 | |a Yuill, William E. |4 trl | |
| 852 | |a INST |b LESVOS |e 19950123 |h 943.085 ΗΕΙ |p 005100000423 |q 005100000423 |t BK |y 0 | ||
| 909 | |a Λ |b 035268 | ||